| 000 | 04482nam a22005895i 4500 | ||
|---|---|---|---|
| 001 | 978-3-319-59922-9 | ||
| 003 | DE-He213 | ||
| 005 | 20210118124343.0 | ||
| 007 | cr nn 008mamaa | ||
| 008 | 171230s2017 gw | s |||| 0|eng d | ||
| 020 |
_a9783319599229 _9978-3-319-59922-9 |
||
| 024 | 7 |
_a10.1007/978-3-319-59922-9 _2doi |
|
| 050 | 4 | _aQC793-793.5 | |
| 050 | 4 | _aQC174.45-174.52 | |
| 072 | 7 |
_aPHQ _2bicssc |
|
| 072 | 7 |
_aSCI051000 _2bisacsh |
|
| 072 | 7 |
_aPHQ _2thema |
|
| 082 | 0 | 4 |
_a539.72 _223 |
| 100 | 1 |
_aSmilga, Andrei. _eauthor. _4aut _4http://id.loc.gov/vocabulary/relators/aut |
|
| 245 | 1 | 0 |
_aDigestible Quantum Field Theory _h[electronic resource] / _cby Andrei Smilga. |
| 250 | _a1st ed. 2017. | ||
| 264 | 1 |
_aCham : _bSpringer International Publishing : _bImprint: Springer, _c2017. |
|
| 300 |
_aX, 351 p. 88 illus., 18 illus. in color. _bonline resource. |
||
| 336 |
_atext _btxt _2rdacontent |
||
| 337 |
_acomputer _bc _2rdamedia |
||
| 338 |
_aonline resource _bcr _2rdacarrier |
||
| 347 |
_atext file _bPDF _2rda |
||
| 505 | 0 | _aI Aperitif: Introduction.- Units. Fundamental Constants. Conventions -- II Hors d'Oeuvres: The Universe as we Know It.- The Cubic Edifice of Physical Theories -- Genesis of the Standard Model -- III Chef's Secrets: Groups and Algebras -- Lagrangians and Hamiltonians -- Cross Sections and Amplitudes -- IV Entrées: Fermion Fields -- Feynman Graphs -- Quantum Chromodynamics -- Theory of the Electroweak Interactions -- V Trou Normand: The Human Dimension -- VI Dessert: Supersymmetry -- General Relativity -- Mysterious Quantum Gravity -- VII Coffee: Recommended Reading. | |
| 520 | _aThis book gives an intermediate level treatment of quantum field theory, appropriate to a reader with a first degree in physics and a working knowledge of special relativity and quantum mechanics. It aims to give the reader some understanding of what QFT is all about, without delving deep into actual calculations of Feynman diagrams or similar. The author serves up a seven‐course menu, which begins with a brief introductory Aperitif. This is followed by the Hors d'oeuvres, which set the scene with a broad survey of the Universe, its theoretical description, and how the ideas of QFT developed during the last century. In the next course, the Art of Cooking, the author recaps on some basic facts of analytical mechanics, relativity, quantum mechanics and also presents some nutritious “extras” in mathematics (group theory at the elementary level) and in physics (theory of scattering). After these preparations, the reader should have a good appetite for the Entrées ‐ the central par t of the book where the Standard Model is described and explained. After Trou Normand, the restive pause including human stories about physicists and no formulas, the author serves the Dessert, devoted to supersymmetry (a very beautiful theory that is still awaiting a direct experimental confirmation), to general relativity and to the mystery of quantum gravity. . | ||
| 650 | 0 | _aElementary particles (Physics). | |
| 650 | 0 | _aQuantum field theory. | |
| 650 | 0 | _aString theory. | |
| 650 | 0 | _aCosmology. | |
| 650 | 1 | 4 |
_aElementary Particles, Quantum Field Theory. _0http://scigraph.springernature.com/things/product-market-codes/P23029 |
| 650 | 2 | 4 |
_aQuantum Field Theories, String Theory. _0http://scigraph.springernature.com/things/product-market-codes/P19048 |
| 650 | 2 | 4 |
_aCosmology. _0http://scigraph.springernature.com/things/product-market-codes/P22049 |
| 710 | 2 | _aSpringerLink (Online service) | |
| 773 | 0 | _tSpringer eBooks | |
| 776 | 0 | 8 |
_iPrinted edition: _z9783319599205 |
| 776 | 0 | 8 |
_iPrinted edition: _z9783319599212 |
| 776 | 0 | 8 |
_iPrinted edition: _z9783319867359 |
| 856 | 4 | 0 | _uhttps://doi.org/10.1007/978-3-319-59922-9 |
| 912 | _aZDB-2-PHA | ||
| 999 |
_c446503 _d446503 |
||
| 942 | _cEB | ||
| 506 | _aAvailable to subscribing member institutions only. Доступно лише організаціям членам підписки. | ||
| 506 | _fOnline access from local network of NaUOA. | ||
| 506 | _fOnline access with authorization at https://link.springer.com/ | ||
| 506 | _fОнлайн-доступ з локальної мережі НаУОА. | ||
| 506 | _fОнлайн доступ з авторизацією на https://link.springer.com/ | ||